000 00577cam a22002053a 4500
001 34470
003 PGUSA
005 20140828083737.0
008 101128s2010||||xxu|||||s|||||000 | eng d
040 _aPGUSA
_beng
042 _adc
100 1 _aEdgeworth, Maria,
_d1767-1849
245 1 4 _aThe Blue Jar Story Book
_h[electronic resource] /
_cMaria Edgeworth
260 _bProject Gutenberg,
_c2010
506 _aPublic domain in the USA.
516 _aElectronic text
830 0 _aProject Gutenberg
_v34470
856 4 0 _uhttp://www.gutenberg.org/ebooks/34470
942 _cEB
999 _c263725
_d263725